Statistics for Movies with Food in the Title

Click here to take the quiz!

General Stats

  • This quiz has been taken 144,910 times
    (118,243 since last reset)
  • The average score is 13 of 21

Answer Stats

Movie% Correct
Charlie and the {Chocolate} Factory
98%
{Honey}, I Shrunk the Kids
92%
Beetle{juice}
90%
Who Framed Roger {Rabbit}
86%
Cloudy with a Chance of {Meatballs}
83%
A Clockwork {Orange}
82%
American {Pie}
81%
Fried Green {Tomatoes}
79%
A {Fish} Called Wanda
73%
What's Eating Gilbert {Grape}?
72%
Children of the {Corn}
65%
{Chicken} Little
59%
Mystic {Pizza}
52%
{Pineapple} Express
50%
The {Cider} House Rules
46%
Canadian {Bacon}
43%
{Tea} with Mussolini
41%
{Beer}fest
41%
Duck {Soup}
38%
{Coffee} and Cigarettes
34%
Sea{biscuit}
30%

Score Distribution

Percentile by Number Answered

Percent of People with Each Score

Your Score History

You have not taken this quiz since the last reset